000 00891nam a2200241 4500
001 4177480
005 19710614000000.0
008 710603s1971 nyuabh |db 001 0 eng d
010 _a 79137663
020 _a0800823559
040 _aDLC
_cDLC
_dDLC
050 0 0 _aCB251
_b.E3 1971b
082 0 0 _a301.29182105
_222
_bEDW
100 1 _aEdwardes, Michael.
_910631
245 1 0 _aEast-West Passage:
_bThe Travel of Ideas, Arts, and Inventions between Asia and the Western world/
_cMichael Edwardes
260 _aNew York:
_bTaplinger, 1971
_c1971
300 _axvi, 248 p.:
_bill., facsims., map.;
_c22 cm.
500 _aDonated by: Alaa Abdel Ghany
504 _aBibliography: p. 213-229.
650 0 _aEast and West.
_910632
942 _2ddc
_cBB
999 _c13200
_d13200